Actors by Same First Letter Movies II Quiz Stats

 Plays Quiz Updated May 15, 2019

Score 0/30 Timer 06:00
7 Plays Today
% Correct
Arnold Schwarzenegger
94.9%
Will Smith
93%
Tom Hanks
91.7%
Samuel L. Jackson
90.8%
Bruce Willis
90.6%
Matt Damon
89.9%
Dwayne Johnson
88.7%
Robert De Niro
88.1%
Bradley Cooper
85.7%
Robert Downey Jr.
85.6%
Brad Pitt
85%
John Travolta
84.5%
Keanu Reeves
84.5%
Will Ferrell
83.6%
Cameron Diaz
83.4%
% Correct
Cher
82.7%
Michael Caine
82.6%
Scarlett Johansson
81.7%
Michael Douglas
81.3%
Susan Sarandon
80.1%
Sigourney Weaver
80%
Rachel McAdams
79.9%
Freddie Prinze Jr.
78.3%
Jennifer Aniston
78%
Julia Roberts
76.6%
Edward Norton
76.1%
Dustin Hoffman
74%
Ryan Gosling
72.3%
Russell Crowe
71.9%
Hugh Jackman
68.2%

You're not logged in!

Compare scores with friends on all Sporcle quizzes.
OR
Log In

Show Comments

Extras

Top Quizzes Today


Score Distribution

Your Account Isn't Verified!

In order to create a playlist on Sporcle, you need to verify the email address you used during registration. Go to your Sporcle Settings to finish the process.

Report this User

Report this user for behavior that violates our Community Guidelines.

Details: